LIBRARY & INFORMATION CENTRE, KCAET, TAVANUR

ONLINE PUBLIC ACCESS CATALOGUE (OPAC)

Introduction to computer science / (Record no. 9777)

MARC details
000 -LEADER
fixed length control field 00616cam a2200217ua 4500
041 ## - LANGUAGE CODE
Language code of text/sound track or separate title eng
082 ## - DEWEY DECIMAL CLASSIFICATION NUMBER
Classification number 004
Item number TRE/IN
100 ## - MAIN ENTRY--AUTHOR NAME
Personal name Tremblay, Jean Paul .
245 ## - TITLE STATEMENT
Title Introduction to computer science /
250 ## - EDITION STATEMENT
Edition statement 2 /
260 ## - PUBLICATION, DISTRIBUTION, ETC. (IMPRINT)
Place of publication New York :
Name of publisher McGraw Hill Book Company ,
Year of publication 1989.
300 ## - PHYSICAL DESCRIPTION
Number of Pages 805 ; .
490 0# - SERIES STATEMENT
Series statement Schaum`s outline series in computer,
Volume number/sequential designation
700 1# - ADDED ENTRY--PERSONAL NAME
Personal name Bunt , Richard B .
942 ## - ADDED ENTRY ELEMENTS (KOHA)
Koha item type Books
Holdings
Withdrawn status Lost status Damaged status Home library Current library Date acquired Full call number Accession Number Koha item type
      KAUAET KAUAET 07/04/2012 004 16850 Books
free website counter